000 00490nab a2200145Ia 4500
003 ES-SlBCS
005 20210601130947.0
008 140529s1968 xxu||||| |||| 00| 0 fre d
041 _afre
100 1 _aDubois, Pierre
_9179198
245 0 0 _aLe problème moral dans la philosophie anglaise contemporaine
_c Pierre Dubois
650 0 4 _aFilosofía Inglesa Contemporánea
_9179199
773 0 _tRevue de Métaphysique et de Morale
_gvol. 73, nº. 2, 1968, págs. 193-198
_wRev1457
942 _cAR
999 _c555343
_d555343